Motilal Jotwani : (Record no. 41723)

MARC details
000 -LEADER
fixed length control field 00580nam a22001817a 4500
005 - DATE AND TIME OF LATEST TRANSACTION
control field 20180725104917.0
010 ## - LCCN (DPL NO)
LC control number ENG-100057
020 ## - INTERNATIONAL STANDARD BOOK NUMBER
International Standard Book Number 8185353507
Terms of availability 350.00
035 ## - SYSTEM CONTROL NUMBER
System control number EN-83589, B-159680 , B-159661
037 ## - SOURCE OF ACQUISITION
Source of stock number/acquisition DBAD/PUB
082 ## - DEWEY DECIMAL CLASSIFICATION NUMBER
Classification number 808.88
245 ## - TITLE STATEMENT
Title Motilal Jotwani :
Remainder of title some reprensatative texts /
Statement of responsibility, etc compiled by Suresh Saraswat
260 ## - PUBLICATION, DISTRIBUTION, ETC. (IMPRINT)
Place of publication, distribution, etc New Delhi
Name of publisher, distributor, etc Aditya Books
Date of publication, distribution, etc 2005
270 ## - ADDRESS
Address 119, Vinobapuri , Lajpat Nagar- II
City New Delhi
Postal code 110024
300 ## - PHYSICAL DESCRIPTION
Extent 159p.
Dimensions 22cm (Hb)
700 ## - ADDED ENTRY--PERSONAL NAME
Personal name Saraswat, Suresh
9 (RLIN) 12903
942 ## - ADDED ENTRY ELEMENTS (KOHA)
Source of classification or shelving scheme Dewey Decimal Classification
Item type English Books
Classification part 808.88
Call number suffix MOT
Holdings
Withdrawn status Lost status Not for loan Collection code Home library Current library Date acquired Source of acquisition Cost, normal purchase price Full call number Barcode Copy number Cost, replacement price Koha item type
    Not For Loan Non-fiction D.B.Act.Division D.B.Act.Division 13/08/2010 DBAD/PUB 350.00 808.88 MOT EN-83589 1 350.00 English Books
      Non-fiction Sarojini Nagar Sarojini Nagar 15/05/2019     808.88 MOT B-159665     English Books
      Non-fiction Shahdara Branch Shahdara Branch 29/05/2018 BPPD/PUB 350.00 808.88 MOT B-159680   350.00 English Books
      Non-fiction Tri Nagar Tri Nagar 25/07/2018 BPPD/PUB 350.00 808.88 MOT B-159661   350.00 English Books

© Delhi Public Library
Hit Counter
free hit counter